000 00218nam a22000857a 4500
008 170614b xxu||||| |||| 00| 0 eng d
100 _93384
_aAgarwal. M
245 _aGenaral Knowledge - 8
260 _aNew Delhi
_bV. V. A
_c2009
999 _c6739
_d6739